1375 1955 1048 1879 1561 1935 1740 1760 1556 1614 1521 1105 1525 1966 1552 1080 1650 1102 1488 1746 1949 1598 1214 1790 1234 1867 1607 1293 1684 1762 1248 1163 1877 1596 1245 1413 1023 1883 1369 1006 1076 1357 1846 1816 1910 1766 1419 1055 1193 1660 1994 1632 1083 1254 1186 1055 1134 1947 1063 1509 1339 1130 1202 1054 1838 1835 1788 1849 1981 1323 1364 1430 1791 1478 1138 1827 1261 1236 1143 1860 1006 1814 1160 1666 1767 1308 1367 1629 1114 1012 1093 1731 1798 1818 1259 1924 1371 1059 1400 BCNSPRNW ULIB Ver.6.0+V

เปลี่ยนเป็นภาษาไทย

Change to English
 แสดงรายละเอียดบรรณานุกรม
  กลับหน้าหลัก

Brief Record : Get Marc (ISO 2709) : E-mail record : QR code < ปิดหน้าต่าง
LEADER : 00000nam 2200000uu 4500
001    13399111509
003     ULIB
008    110629s2551||||th 000 0 tha d
020    9747698013(ล.1)
060 04 QV4^bภ781 ล.1 2551
245 00 เภสัชวิทยา^nเล่ม 1 /^cบรรณาธิการ, จุฑามณี สุทธิสีสังข์,รัชนี เมฆมณี
250    พิมพ์ครั้งที่ 5
260    กรุงเทพฯ :^bภาควิชาเภสัชวิทยา คณะเภสัชศาสตร์มหาวิทยาลัยมหิดล,^c2551
300    577 หน้า :^bภาพประกอบ ;^c27 ซม.
650  7 เภสัชวิทยา
700 0  จุฑามณี สุทธิสีสังข์,^eบรรณาธิการ
700 0  รัชนี เมฆมณี,^eบรรณาธิการ
710 2  มหาวิทยาลัยมหิดล. ^bคณะเภสัชศาสตร์. ^bภาควิชาเภสัชวิทยา
945    ^p400^l0^i14151
945    ^p400^l0^i15762
995    กัณชพร
999    ^aใช้งานได้ทุกระบบ
รายการนี้ยังไม่มีแท็ก
คุณยังไม่ได้ล็อกอิน คุณสามารถมีกิจกรรมร่วมกับเว็บไซต์ได้ แต่ต้องล็อกอินก่อน ::
  ล็อกอิน

รายการสื่อสารสนเทศ

ลำดับที่ ประเภท เลขเรียก/บาร์โค้ด สถานที่ สถานะ
1. วิทยาศาสตร์การแพทย์ และสุขภาพ
วิทยาศาสตร์การแพทย์ และสุขภาพ
QV4 ภ781 ล.1 2551  
  Barcode: 14151
ห้องสมุดวิทยาเขตสวรรค์ประชารักษ์
►ส่วนจัดเก็บหนังสือเก่า สปร
บนชั้น
  ขอยืม
2. วิทยาศาสตร์การแพทย์ และสุขภาพ
วิทยาศาสตร์การแพทย์ และสุขภาพ
QV4 ภ781 ล.1 2551 ฉ.2 
  Barcode: 15762
ห้องสมุดวิทยาเขตสวรรค์ประชารักษ์
►ส่วนจัดเก็บหนังสือเก่า สปร
บนชั้น
  ขอยืม

รายการใกล้เคียง
    หัวเรื่อง [เภสัชวิทยา]

BibComment


ยังไม่เคยถูกคอมเมนท์

คอมเมนท์ทรัพยากรรายการนี้
  คอมเมนท์: เภสัชวิทยา เล่ม 1..


 Copyright 2026. Bcnsprnw @Library